MARC details
| 000 -CABECERA |
| campo de control de longitud fija |
02962nam a2200301 i 4500 |
| 001 - NÚMERO DE CONTROL |
| campo de control |
991027330935107026 |
| 003 - IDENTIFICADOR DEL NÚMERO DE CONTROL |
| campo de control |
UkOxU |
| 005 - FECHA Y HORA DE LA ÚLTIMA TRANSACCIÓN |
| campo de control |
20250908093913.0 |
| 008 - DATOS DE LONGITUD FIJA--INFORMACIÓN GENERAL |
| campo de control de longitud fija |
210126s2024 enka b 001|0|eng|d |
| 020 ## - NÚMERO INTERNACIONAL ESTÁNDAR DEL LIBRO |
| Número Internacional Estándar del Libro |
9781292461052 |
| 040 ## - FUENTE DE LA CATALOGACIÓN |
| Centro catalogador/agencia de origen |
StDuBDS |
| Lengua de catalogación |
eng |
| Normas de descripción |
rda |
| Centro/agencia transcriptor |
StDuBDS |
| Centro/agencia modificador |
Uk |
| -- |
UkOxU |
| 041 ## - CÓDIGO DE LENGUA |
| Código de lengua del texto/banda sonora o título independiente |
English |
| 100 ## - ENTRADA PRINCIPAL--NOMBRE DE PERSONA |
| Nombre de persona |
Slack, Nigel |
| Término indicativo de función/relación |
author. |
| 9 (RLIN) |
2679 |
| 245 10 - MENCIÓN DE TÍTULO |
| Título |
Operations and process management |
| Resto del título |
: principles and practice for strategic impact |
| Mención de responsabilidad, etc. |
/ Nigel Slack, Alistair Brandon-Jones, Nicola Burgess.. |
| 250 ## - MENCIÓN DE EDICIÓN |
| Mención de edición |
Seventh edition. |
| 264 #1 - PRODUCCIÓN, PUBLICACIÓN, DISTRIBUCIÓN, FABRICACIÓN Y COPYRIGHT |
| Producción, publicación, distribución, fabricación y copyright |
Harlow, England : |
| Nombre del de productor, editor, distribuidor, fabricante |
Pearson, |
| Fecha de producción, publicación, distribución, fabricación o copyright |
[2041] |
| 300 ## - DESCRIPCIÓN FÍSICA |
| Extensión |
xx, 586 pages : |
| Otras características físicas |
illustrations (colour) ; |
| Dimensiones |
27 cm |
| 500 ## - NOTA GENERAL |
| Nota general |
Previous edition: 2021. |
| 504 ## - NOTA DE BIBLIOGRAFÍA, ETC. |
| Nota de bibliografía, etc. |
Includes bibliographical references and index. |
| 505 ## - NOTA DE CONTENIDO CON FORMATO |
| Nota de contenido con formato |
Operations and Processes — Operations and Strategy Impact — Product and Service Innovation — Scope and Structure — Process Positioning — Process Analysis — Supply Chain Management — Capacity Management — Inventory Management — Operations Planning and Control — Improvement — Lean Operations — Quality — Risk and Resilience — Project Management. |
| 520 ## - SUMARIO, ETC. |
| Sumario, etc. |
Master the core subject principles of business operations and processes Operations and Process Management 7th edition is the ultimate text for those wishing to successfully manage business operations, equipping you with the critical and practical tools to manage business operations successfully. A must-read textbook for students who want to embark on a career in the field of operations, it approaches each topic from a managerial perspective, providing a relevant, real-world understanding of the core principles of the subject. With a range of examples, frameworks and techniques incorporated in each chapter, the book is designed to help you better analyse existing operations and understand ways to deal with operational and process challenges. Key features: Updated case studies drawing from a diverse range of industries and organisations from around the globe. New 'Responsible Operations' sections, introduced in all chapters, highlighting the ethical, social and environmental issues associated with operations decisions. A focus on recent developments reflecting the shifting operations environment, including the implications of hybrid working, increased volatility in supply chains, and updated coverage of agile project management. This text is for everyone wanting to understand the nature, principles and practice of operations and process management. It is aimed primarily at students with some management experience or those about to begin their career in management. |
| 650 #0 - PUNTO DE ACCESO ADICIONAL DE MATERIA--TÉRMINO DE MATERIA |
| Término de materia o nombre geográfico como elemento de entrada |
Production planning |
| 9 (RLIN) |
3492 |
| 650 #0 - PUNTO DE ACCESO ADICIONAL DE MATERIA--TÉRMINO DE MATERIA |
| Término de materia o nombre geográfico como elemento de entrada |
Business logistics |
| 9 (RLIN) |
2448 |
| 700 ## - ENTRADA AGREGADA--NOMBRE PERSONAL |
| Nombre de persona |
Brandon-Jones, Alistair |
| Término indicativo de función/relación |
author. |
| 9 (RLIN) |
11464 |
| 700 ## - ENTRADA AGREGADA--NOMBRE PERSONAL |
| Nombre de persona |
Burgess, Nicola |
| Término indicativo de función/relación |
author. |
| 9 (RLIN) |
24248 |
| 856 ## - LOCALIZACIÓN Y ACCESO ELECTRÓNICOS |
| Identificador Uniforme del Recurso |
<a href="https://bibliotheque.tbs-education.fr/Default/doc/SYRACUSE/3386397/operations-and-process-management">https://bibliotheque.tbs-education.fr/Default/doc/SYRACUSE/3386397/operations-and-process-management</a> |
| 942 ## - ELEMENTOS DE ENTRADA AGREGADA (KOHA) |
| Fuente del sistema de clasificación o colocación |
Clasificación de Library of Congress |